| 000 | 00412pab a2200145 454500 | ||
|---|---|---|---|
| 008 | 180718b1997 xxu||||| |||| 00| 0 eng d | ||
| 100 | _aTait, John | ||
| 245 | _aA strong foundation: report of the task force on public service values and ethics (the summary) | ||
| 260 | _c1997 | ||
| 300 | _ap.1-22 | ||
| 362 | _aSpring | ||
| 650 | _aCivil service | ||
| 773 | _aCanadian Public Administration | ||
| 909 | _a35302 | ||
| 999 |
_c35302 _d35302 |
||